| 000 | 00654nam a2200229Ia 4500 | ||
|---|---|---|---|
| 003 | GCL | ||
| 008 | 140319s9999 xx 000 0 eng d | ||
| 040 |
_aGCL / _cGCL |
||
| 082 | 0 | 4 |
_a956 _bF S |
| 100 | 1 | _aTAYLOR, HEATHER | |
| 245 | 1 | 0 |
_aTHE STRUGGLE FOR PEACE: ISRAELIS AND PALESTINIANS / _cTAYLOR, HEATHER |
| 700 | 1 | _aFERNEA, ELIZALETH W. | |
| 700 | 1 | _aHOCKING, MARY EVELYN | |
| 260 |
_a[S.N] : _bUNIVERSITY OF TEXAS PRESS ، _c1992 |
||
| 300 | _a341 P | ||
| 650 | 0 | 4 | _aPALESTINAN ARABS |
| 650 | 0 | 4 | _aHISTORY |
| 650 | 0 | 4 | _aPALESTINE - HISTORY |
| 650 | 0 | 4 | _aJEWISH - ARAB RELATIONS - 1917 |
| 650 | 0 | 4 | _aISRAEL - INTERVIEWS |
| 942 |
_2ddc _cBK |
||
| 999 |
_c13985 _d13985 |
||